Rafael Botí (Record no. 106551)
[ view plain ]
| 000 -LEADER | |
|---|---|
| campo de control de longitud fija | 01055nam a2200289 i 4500 |
| 001 - NÚMERO DE CONTROL | |
| campo de control | 106551 |
| 003 - IDENTIFICADOR DE NÚMERO DE CONTROL | |
| campo de control | ES-MaACL |
| 005 - FECHA Y HORA DE LA ÚLTIMA TRANSACCIÓN | |
| campo de control | 20250811101605.0 |
| 007 - CAMPO FIJO DE DESCRIPCIÓN FÍSICA--INFORMACIÓN GENERAL | |
| campo de control de longitud fija | t| |
| 008 - DATOS DE LONGITUD FIJA--INFORMACIÓN GENERAL | |
| campo de control de longitud fija | 061129s1978 sp c ||||1| spa d |
| 080 ## - NÚMERO DE LA CLASIFICACIÓN DECIMAL UNIVERSAL | |
| Número de la Clasificación Decimal Universal | 75 Botí, Rafael: 061.43(460.27 M)"1978" |
| 100 1# - ENTRADA PRINCIPAL--NOMBRE DE PERSONA | |
| Nombre de persona | Botí, Rafael. |
| 9 (RLIN) | 30779 |
| 245 10 - MENCIÓN DEL TÍTULO | |
| Título | Rafael Botí |
| Resto del título | : exposición antológica (1922-1978) : Sala de Santa Catalina del Ateneo de Madrid, noviembre de 1978. |
| 260 ## - PUBLICACIÓN, DISTRIBUCIÓN, ETC. | |
| Lugar de publicación, distribución, etc. | Madrid : |
| Nombre del editor, distribuidor, etc. | Ateneo de Madrid, |
| Fecha de publicación, distribución, etc. | 1978. |
| 300 ## - DESCRIPCIÓN FÍSICA | |
| Extensión | 88 p. : |
| Otras características físicas | il. col. y n. ; |
| Dimensiones | 26 cm. |
| 490 1# - MENCIÓN DE SERIE | |
| Mención de serie | Ateneo de Madrid. Sala de Santa Catalina ; |
| Designación de volumen o secuencia | 22 |
| 500 ## - NOTA GENERAL | |
| Nota general | Índice. |
| 600 14 - PUNTO DE ACCESO ADICIONAL DE MATERIA--NOMBRE DE PERSONA | |
| Nombre de persona | Botí, Rafael- |
| Subdivisión de forma | Exposiciones. |
| 9 (RLIN) | 30780 |
| 610 27 - PUNTO DE ACCESO ADICIONAL DE MATERIA--NOMBRE DE ENTIDAD CORPORATIVA | |
| Nombre de entidad corporativa o nombre de jurisdicción como elemento de entrada | Ateneo de Madrid- |
| Subdivisión de forma | Exposiciones- |
| Subdivisión cronológica | 1970-1979. |
| 9 (RLIN) | 1921 |
| 655 #7 - TERMINO DE INDIZACIÓN--GENERO/FORMA | |
| Fuente del término | tgfbne |
| 9 (RLIN) | 193628 |
| Datos o término principal de género/forma | Catálogos de exposiciones |
| 710 2# - ENTRADA AGREGADA--NOMBRE DE ENTIDAD CORPORATIVA | |
| Nombre de entidad corporativa o nombre de jurisdicción como elemento de entrada | Ateneo de Madrid. |
| Unidad subordinada | Sala de Santa Catalina. |
| 9 (RLIN) | 1964 |
| 830 00 - PUNTO DE ACCESO ADICIONAL DE SERIE-TÍTULO UNIFORME | |
| Título uniforme | Ateneo de Madrid. |
| Nombre de parte o sección de la obra | Sala de Santa Catalina |
| Designación de volumen o secuencia | 22 |
| 9 (RLIN) | 185232 |
| 852 ## - LOCALIZACIÓN | |
| Ubicación | ES-MaACL |
| Número de control de estantería | 2209-F-42 ; |
| 852 1# - LOCALIZACIÓN | |
| Ubicación | BA |
| Número de control de estantería | 2332-F-44 . |
| 942 ## - ELEMENTOS DE ENTRADA SECUNDARIOS (KOHA) | |
| Fuente del sistema de clasificación o colocación | Clasificación decimal universal |
| Estatus retirado | Estado de pérdida | Fuente del sistema de clasificación o colocación | Estado de daño | No para préstamo | Colección | Biblioteca de origen | Biblioteca actual | Ubicación en estantería | Fecha de adquisición | Total de préstamos | Signatura topográfica completa | Código de barras | Visto por última vez | Precio de reemplazo | Tipo de ítem Koha |
|---|---|---|---|---|---|---|---|---|---|---|---|---|---|---|---|
| Clasificación decimal universal | Colección de folletos | Biblioteca del Ateneo de Madrid | Biblioteca del Ateneo de Madrid | Depósito folletos | 16/09/2015 | 2332-F-44 | 1194188 | 23/02/2023 | 23/02/2023 | Folleto | |||||
| Clasificación decimal universal | Colección de folletos | Biblioteca del Ateneo de Madrid | Biblioteca del Ateneo de Madrid | Depósito folletos | 17/01/2008 | 2209-F-42 | 1111223 | 23/02/2023 | 23/02/2023 | Folleto |
